| 000 | 01305cam a2200193 a 4500 | ||
|---|---|---|---|
| 082 | 0 | 4 |
_a823 _bIGN |
| 100 | 1 |
_aNowell, Richard. _945946 |
|
| 245 | 1 | 0 |
_aBlood money _ba history of the first teen slasher film cycle / _cRichard Nowell. |
| 260 |
_aNew York : _bContinuum, _c2011. |
||
| 300 |
_axii, 287 p. : _bill. |
||
| 505 | 0 | _aIntroduction : co-ed frenzy -- "There's more than one way to lose your heart" : the teen slasher film-type, production strategies, and film cycle -- A slay-ride to small-town, U.S.A : the advent of the teen slasher film, Black Christmas (1974) and Halloween (1978) -- "They were warned, they are doomed" : the United States, the development of the teen slasher film, and Friday the 13th (1980) -- Murder on the dance-floor : Canada, the development of the teen slasher film, and Prom night (1980) -- The animal house on sorority row : boom and bust, and the establishment of the teen slasher film, 1980-1981 -- Conclusion : time after time. | |
| 526 |
_a0 _b0 _c0 _d823_000000000000000_IGN |
||
| 650 | 0 |
_aMCE _9379 |
|
| 650 | 0 |
_aSlasher films _zCanada _xHistory and criticism. _945947 |
|
| 650 | 0 |
_aSlasher films _zUnited States _xHistory and criticism. _945948 |
|
| 710 | 2 |
_aebrary, Inc. _9622 |
|
| 856 | 4 | 0 | _uhttp://www.columbia.edu/cgi-bin/cul/resolve?clio9175048 |
| 942 |
_2ddc _cBK |
||
| 999 |
_c549336 _d549336 |
||